Obálka Náhled e-knihy:
PDF Epub
Pro půjčování e-knih musíte být přihlášeni.
Jak si půjčit online?

Hra o čas : případy Kay Hunterové /

Další případ pro Kay Hunterovou, která se po vynucené pauze vrací zpět do služby.

Uloženo v:
Série:Kay Hunterová, část 5
Hlavní autor: Amphlett, Rachel (Autor)
Další autoři: Šišáková, Jitka, 1971- (Autor)
Médium: E-kniha
Jazyk:Czech
Vydáno: V Praze : Kniha Zlin, 2025
Vydání:1. vydání
Témata:
Příbuzné jednotky:Z cyklu:: Kay Hunterová
Tagy:
Žádné tagy
LEADER 02582nam a2200481 i 4500
001 312613
003 CZ PrSKC
005 20260601215725.0
007 ta
008 250124s2025 xr g 000 f cze
015 |a cnb003668531 
020 |a 9788076627741  |q (vázáno) 
035 |a (OCoLC)1505965973 
040 |a ABG001  |b cze  |d ABA001  |e rda 
041 1 |a cze  |h eng 
072 7 |a 821.111-3  |x Anglická próza, anglicky psaná  |2 Konspekt 
080 |a 821.111-31  |2 MRF 
080 |a (0:82-312.4)  |2 MRF 
100 1 |a Amphlett, Rachel  |7 xx0277603  |4 aut 
240 1 0 |a Call to arms.  |l Česky 
245 1 0 |a Hra o čas :  |b případy Kay Hunterové /  |c Rachel Amphlett ; z anglického originálu Call to arms ... přeložila Jitka Šišáková 
246 3 0 |a Případy Kay Hunterové 
250 |a 1. vydání 
264 1 |a V Praze :  |b Kniha Zlin,  |c 2025 
300 |a 311 stran ;  |c 21 cm 
336 |a text  |b txt  |2 rdacontent 
337 |a bez média  |b n  |2 rdamedia 
338 |a svazek  |b nc  |2 rdacarrier 
520 2 |a Další případ pro Kay Hunterovou, která se po vynucené pauze vrací zpět do služby.  |b Detektiv Kay Hunterová se po vynucené pauze vrací zpátky do práce a zjišťuje, že nebyla jedinou obětí svého předchozího vyšetřování. Detektiv inspektor Devon Sharp je i nadále postaven mimo službu. Kay hodlá očistit jeho jméno, jak se ale blíží pravdě, dochází jí, že její vyšetřování by mohlo nadělat víc škody než užitku. Na jednu stranu chce chránit svého mentora, na stranu druhou musí najít pravdu. Důsledky jejího pátrání dalece přesáhnou její novou roli... Nakladatelská anotace. 
655 7 |a anglické romány  |7 fd131814  |2 czenas 
655 7 |a detektivní romány  |7 fd132010  |2 czenas 
655 7 |a thrillery (romány)  |7 fd184206  |2 czenas 
655 9 |a English fiction  |2 eczenas 
655 9 |a detective novels  |2 eczenas 
655 9 |a thrillers (novels)  |2 eczenas 
700 1 |a Šišáková, Jitka,  |d 1971-  |7 ola2003198079  |4 trl 
787 0 8 |i Z cyklu:  |t Kay Hunterová  |g 5 
900 |a ABA001  |b 21 
928 9 |a Albatros Media - Kniha Zlin 
044 |a xr 
910 |a RBIT002 
998 |d 416987  |a https://core.palmknihy.cz/api/books/416987/cover?sqd7og  |b https://core.palmknihy.cz/api/books/416987/cover/400?sqd7og  |c https://core.palmknihy.cz/api/books/416987/cover/50?sqd7og  |e 2030-08-10  |g 312  |i 9788076627741  |j https://core.palmknihy.cz/api/books/416987/preview.epub  |k https://core.palmknihy.cz/api/books/416987/preview.pdf  |l   |q 49  |r 1  |s https://www.palmknihy.cz/kniha/416987  |t ebook  |y 2025  |z 0  |v Kay Hunterová  |w 5 
999 |d 312611